00751nam a2200217Ia 4500008004100000020002200041110004900063245005300112260004300165300002600208500002200234650003200256650004600288650005600334710003300390710005100423740003200474003000100506005001700507040000900524  a0853696357 (pbk.) aGreat Britain.bBritish National Formulary.00aBNF 50 :bBNF.org /cBritish National Formulary. aLondon :bBMJ Publishing Group,c2005. axiv, 912 p. ;c22 cm. aIncludes indexes. 2aFormulariesxGreat Britain. 2aPrescriptions, DrugxNurses' Instruction. 0aNursingxmedicine-formulae, receipts, prescription.2 aBritish Medical Association.2 aRoyal Pharmaceutical Society of Great Britain.0 aBritish national formulary.20230120204016.0 cNUST